| 000 | 00483cam a22001573 4500 | ||
|---|---|---|---|
| 001 | FRBNF451861800000009 | ||
| 003 | http://catalogue.bnf.fr/ark:/12148/cb451861806 | ||
| 005 | 20250310153944.0 | ||
| 008 | 250310b |||||||| |||| 00| 0 eng d | ||
| 100 | _aBOAKYE, John | ||
| 245 | _ayour guide to marriage | ||
| 260 |
_aAccra _bLove Unlimited press _c2014c |
||
| 300 | _aBibliogr. p. 263-288. Index | ||
| 700 |
_317132244 _oISNI0000000455089663 _aInge _bAnabel _4070 |
||
| 942 |
_2lcc _cBK _n0 |
||
| 999 |
_c4663 _d4663 |
||